Półaktywne zawieszenie MagneRide = Semi-active suspension systems MagneRide / (Rekord nr 690)
| 000 -ETYKIETA REKORDU | |
|---|---|
| podpole kontrolne o stałej długości | 01392naa a2200217 i 4500 |
| 001 - NUMER KONTROLNY REKORDU | |
| podpole kontrolne | 690 |
| 003 - IDENTYFIKATOR NUMERU KONTROLNEGO REKORDU | |
| podpole kontrolne | KOSZ 005 |
| 005 - DATA OSTATNIEJ MODYFIKACJI REKORDU | |
| podpole kontrolne | 20180214113045.0 |
| 008 - POLE O STAŁEJ DŁUGOŚCI - DANE KONTROLNE | |
| podpole kontrolne o stałej długości | 150310s2007 pl f |100 0 pol |
| 040 ## - ŹRÓDŁO KATALOGOWANIA | |
| Instytucja, która utworzyła rekord | BPK |
| Instytucja, która dokonała modyfikacji | KOSZ 005/EG |
| 100 1# - NAZWA OSOBOWA | |
| Nazwa osobowa | KRZYŻYŃSKI, Tomasz. |
| Lata pracy | 1997 - . |
| Instytucja | Politechnika Koszalińska - Wydział Mechaniczny, |
| Wydział | Katedra Mechaniki Precyzyjnej - Zakład Mechatroniki |
| 245 10 - TYTUŁ/ODPOWIEDZIALNOŚĆ | |
| Tytuł | Półaktywne zawieszenie MagneRide = Semi-active suspension systems MagneRide / |
| Pozostałe elementy strefy tytułu i oznaczenia odpowiedzialności | Sebastian Pecolt, Tomasz Krzyżyński. |
| 500 ## - UWAGI OGÓLNE | |
| Tekst uwagi | Dane z autopsji. |
| 520 ## - UWAGA DOTYCZĄCA TREŚCI DOKUMENTU | |
| Analiza dokumentacyjna, adnotacja itp. | Półaktywne zawieszenie MagneRide to rozwiązanie, które bazuje na płynie magnetyczno-reologicznym dającym zmienne "bezstopniowe" tłumienie drgań w czasie rzeczywistym. System taki jest w stanie reagować na warunki drogowe w oparciu o dane z czujników monitorujących ruchy karoserii i kół. |
| 650 #0 - HASŁO PRZEDMIOTOWE W FORMIE NAZWY OGÓLNEJ LUB JEDNOSTKOWEJ | |
| Nazwa ogólna lub geograficzna | Drgania - badanie. |
| 650 #0 - HASŁO PRZEDMIOTOWE W FORMIE NAZWY OGÓLNEJ LUB JEDNOSTKOWEJ | |
| Nazwa ogólna lub geograficzna | Komunikacja drogowa - bezpieczeństwo. |
| 655 #0 - TERMIN INDEKSOWY - OKREŚLENIE RODZAJU/FORMY DOKUMENTU | |
| Określnie rodzaju/formy dokumentu | Materiały konferencyjne. |
| 773 0# - TYTUŁ DOKUMENTU MACIERZYSTEGO | |
| Wyrażenie wprowadzające | W : |
| Tytuł | X Konferencja Naukowo-Techniczna nt. "Innowacje w motoryzacji a ochrona środowiska" : [X Słupskie Forum Motoryzacji], Słupsk 25.5.2007 : praca zbiorowa / pod red. Leona Kukiełki. - |
| Adres wydawniczy | Słupsk : Starostwo Powiatowe, 2007. - |
| Informacje dotyczące relacji | s. 343-350 |
| 711 22 - HASŁO DODATKOWE - NAZWA IMPREZY | |
| Nazwa imprezy | Słupskie Forum Motoryzacji |
| Oznaczenie części/sekcji dzieła | (10 ; |
| Data imprezy | 2007 ; |
| Miejsce imprezy | Słupsk, Polska). |
| Nazwa części/sekcji dzieła | Słupskie Forum Motoryzacji'2007 |
| 942 ## - HASŁO DODATKOWE - ELEMENTY(KOHA) | |
| Typ dokumentu | Rozdział |
| Schemat klasyfikacji | Uniwersalna klasyfikacja dziesiętna |
| Wycofany | Zagubiony | Uszkodzony | Dostępność | Lokalizacja stała | Lokalizacja bieżąca | Sygnatura | Typ dokumentu |
|---|---|---|---|---|---|---|---|
| Dostępny | Bibliografia Prac Pracowników - BPK | Bibliografia Prac Pracowników - BPK | 84506 | Rozdział |
